|
|
|
|
| LEADER |
00000nam a22000007a 4500 |
| 005 |
20181228204123.0 |
| 007 |
cr|||| |||| |
| 008 |
181228s2017 co |||||s|||| 00||0 spa d |
| 020 |
|
|
|a 978-958-762-707-7
|
| 035 |
|
|
|a 22589
|
| 040 |
|
|
|a vLex
|
| 090 |
|
|
|c 8401
|d 8401
|
| 100 |
1 |
|
|a Rojas Lp̤ez, Miguel David
|
| 245 |
1 |
0 |
|a Contratacin̤ estatal
|h [Recurso electrn̤ico] :
|b Interventora̕ y supervisin̤ /
|c Miguel David Rojas Lp̤ez, Bertha Cecilia Rosero Melo
|
| 256 |
|
|
|a Servicio en ln̕ea
|
| 260 |
|
|
|a Bogot:̀
|b Ediciones de la U,
|c 2017
|
| 300 |
|
|
|a 1 recurso electrn̤ico
|
| 506 |
1 |
|
|a Disponible solo en los productos indicados
|d vLex Global
|d vLex Global (Academic Edition, excluding Law Schools)
|d vLex Global (U.S. Academic Edition, Law Schools)
|d vLex Global (U.S. Academic Edition, excluding Law Schools)
|d vLex Global (Academic Edition, Law Schools)
|
| 650 |
0 |
4 |
|a Derecho Pb︢lico y Administrativo
|z Colombia
|
| 700 |
1 |
|
|a Rosero Melo, Bertha Cecilia
|
| 740 |
0 |
|
|a vLex Libros (Servicio en ln̕ea)
|
| 856 |
4 |
0 |
|u http://vlex.com/source/contratacion-estatal-interventoria-supervision-22589
|z Acceso restringido
|
| 942 |
|
|
|c BOOK
|
| 999 |
0 |
|
|a Public and Administrative Law
|